Online
Catalog
Normal view MARC view

Entry Nombre personal

Number of records used in: 6

001 - NÚMERO DE CONTROL

  • campo de control: 10518

003 - IDENTIFICADOR DEL NÚMERO DE CONTROL

  • campo de control: OSt

005 - FECHA Y HORA DE LA ÚLTIMA TRANSACCIÓN

  • campo de control: 20200615032306.0

008 - DATOS DE LONGITUD FIJA

  • campo de control de longitud fija: 200615|| aca||aabn | a|a d

040 ## - FUENTE DE LA CATALOGACIÓN

  • Centro catalogador/agencia de origen: OSt
  • Centro/agencia transcriptor: OSt

100 ## - ENCABEZAMIENTO-NOMBRE DE PERSONA

  • Nombre de persona: Infante, Fernando,
  • Fechas asociadas al nombre: 1935-

670 ## - FUENTE DE DATOS ENCONTRADOS

  • Cita de la fuente: Work cat.: (OSt)3193: Infante, Fernando, 1935-, Biografía de Trujillo /, 2009.

Powered by Koha